Tribhuvan University Central Library

Essentials of physical chemistry/Arun Bahl, B.S Bahl and G.D. Tuli (Record no. 115177)

MARC details
000 -LEADER
fixed length control field 00508nam a22001817a 4500
008 - FIXED-LENGTH DATA ELEMENTS--GENERAL INFORMATION
fixed length control field 240702b |||||||| |||| 00| 0 eng d
020 ## - INTERNATIONAL STANDARD BOOK NUMBER
International Standard Book Number 9789355010605
082 ## - DEWEY DECIMAL CLASSIFICATION NUMBER
Classification number 541/B147e
100 ## - MAIN ENTRY--PERSONAL NAME
Personal name Bahl, Arun
245 ## - TITLE STATEMENT
Title Essentials of physical chemistry/Arun Bahl, B.S Bahl and G.D. Tuli
250 ## - EDITION STATEMENT
Edition statement 28th.
260 ## - PUBLICATION, DISTRIBUTION, ETC.
Place of publication, distribution, etc. New Delhi:
Name of publisher, distributor, etc. S. Chand and Company,
Date of publication, distribution, etc. 1977
300 ## - PHYSICAL DESCRIPTION
Other physical details xviii,1222p. : ill
650 ## - SUBJECT ADDED ENTRY--TOPICAL TERM
Topical term or geographic name entry element Physical chemistry
9 (RLIN) 7033
700 ## - ADDED ENTRY--PERSONAL NAME
Personal name Bahl, B.S.
700 ## - ADDED ENTRY--PERSONAL NAME
Personal name Tuli, G.D
942 ## - ADDED ENTRY ELEMENTS (KOHA)
Source of classification or shelving scheme Dewey Decimal Classification
Koha item type General Collections
Holdings
Withdrawn status Lost status Source of classification or shelving scheme Damaged status Not for loan Home library Current library Shelving location Date acquired Total Checkouts Full call number Barcode Date last seen Price effective from Koha item type
    Dewey Decimal Classification     Tribhuvan University Central Library Tribhuvan University Central Library New Building 07/02/2024   541/B147e 168078 07/02/2024 07/02/2024 General Collections
    Dewey Decimal Classification     Tribhuvan University Central Library Tribhuvan University Central Library New Building 07/02/2024   541/B147e 168079 07/02/2024 07/02/2024 General Collections
    Dewey Decimal Classification     Tribhuvan University Central Library Tribhuvan University Central Library New Building 07/02/2024   541/B147e 168080 07/02/2024 07/02/2024 General Collections